00816nam a2200169Ia 4500008004100000020001800041050002100059240004200080245013100122250001800253260004200271300002000313500006900333505019900402650002700601650001800628120626s2010 mx 000 0 spa d a9789681856281 aHD49 bT716 2010 aIntroduction to work studylEspañol aIntroducción al estudio del trabajo c/ publicado con la direcc. de George Kanawaty de la Oficina Internacional del Trabajo a4a. edición aMéxicob: Editorial Limusac, 2010  a544 páginas  aIncluye: Indice, Prefacio, Indice alfabético, Figuras, Cuadros aProductividad, estudio del trabajo y factor humano Estudio de métodos Técnicas de dirección de la producción Medición del trabajo Del análisis a la síntesis Apéndices  0aMEDICIÓN DEL TRABAJO 0aPRODUCTIVIDAD